000 01458cam a2200361 a 4500
001 2995672
003 AXCSDEWL
005 20220326193247.0
008 930405s1994 enk b 001 0 eng
010 _a 93010757
020 _a0415016355 (hbk.)
020 _a0415054060 (pbk.)
040 _aDLC
_cDLC
_dDLC
043 _ad------
050 0 0 _aPN761
_b.H43 1994
082 0 0 _a809.933.58
_bB575l
100 1 _aBhabha, Homi K.,
_d1949-
_9291
245 1 4 _aThe location of culture /
_cHomi K. Bhabha.
260 _aLondon ;
_aNew York :
_bRoutledge,
_c1994.
300 _axiii, 285 p. ;
_c24 cm.
504 _aIncludes bibliographical references (p. 257-276) and index.
650 0 _aLiterature, Modern
_y19th century
_xHistory and criticism.
_9292
650 0 _aLiterature, Modern
_y20th century
_xHistory and criticism.
_xConflictos culturales en la literatura
_9293
650 0 _aImperialism in literature.
_9294
650 0 _aColonies in literature.
_9295
650 0 _aCulture conflict in literature.
_9296
650 0 _aPolitics and culture.
_9297
651 0 _aDeveloping countries
_xIn literature.
_9298
700 _aHomi K. Bhanha
_9299
856 4 2 _3Publisher description
_uhttp://www.loc.gov/catdir/enhancements/fy0648/93010757-d.html
906 _a7
_bcbc
_corignew
_d1
_eocip
_f19
_gy-gencatlg
999 _c53
_d53